000 00526nmm a2200193Ia 4500
008 251105s9999||||xx |||||||||||||||||und||
020 _a9788484286684
041 _aspa
100 _aReza, Yasmina
245 0 _aUn dios salvaje
264 _a[Madrid, España] :
_bAlba Editorial,
_c2012
300 _a98 páginas
490 _aArtes escénicas / Obras
650 _aFrench theater
700 _aReza, Yasmina
700 1 _a Galcerán, Jordi
856 _uhttps://public.digitaliapublishing.com/a/48816
942 _cCF
999 _c70481
_d70481